Culture Générale - Série 2462 - Statistiques

Statistiques générales
  • Ce quiz a été pris 164 fois
  • Le résultat moyen est 4 sur 10
Statistiques - réponses
Question Réponse % Correct
Quel art a pratiqué Frida Kahlo (1907-1954) ? voir photo peinture
90%
Potage à base de légumes crus mixés servi froid, très répandu dans le sud de l'Espagne et le sud du Portugal gaspacho
86%
En quelle année est mort Claude François ? 1978
68%
Quelle est la Préfecture de l'Ariège ? Foix
50%
Comment appelle-t-on le cervidé "élan" en Amérique du nord ? orignal
42%
Quelle espèce d'animal est appelé "Przewalski" ? cheval
40%
Quel fruit est appelé "cantaloup" ? melon
39%
Poinçon utilisé par des cordonniers et des bourreliers pour percer le cuir. alène
21%
Sous quels prénom et nom connait-on mieux la chanteuse, actrice, réalisatrice, scénariste et productrice canadienne Carole Champagne, née en 1948 ? Carole Laure
13%
Sous quel nom connait-on mieux la plante appelée ache des marais ou encore persil des marais ? céleri
1%
Aucun quiz correspondant
Distribution des résultats
% des personnes avec chaque résultat
Percentile par nombre de réponses
Votre historique - résultats
Vous n’avez pas pris ce quiz